000
00265nam a2200109Ia 4500
008
221009s9999 xx 000 0 und d
082
_a
306/MEH
100
_a
Mehrotra, Rachna
_9
749
245
0
_a
Impact of Indian Culture on Nehru
260
_b
New Delhi
942
_c
BK
999
_c
64829
_d
64829